Все на борьбу с темнотой. Вып.1 (Запись № 13478441)

Подробности
000 -МАРКЕР
контрольное поле 02109nam2a22003611 4500
001 - ИДЕНТИФИКАТОР ЗАПИСИ
контрольное поле RU\NLR\A1SV\21043
005 - ИДЕНТИФИКАТОР ВЕРСИИ
контрольное поле 20251203152403.2
035 ## - ДРУГИЕ СИСТЕМНЫЕ НОМЕРА
Идентификатор записи (NLR Aleph) 009705989
100 ## - ДАННЫЕ ОБЩЕЙ ОБРАБОТКИ
Данные общей обработки 19800104d1923 u y0rusy50 ca
101 0# - ЯЗЫК РЕСУРСА
Язык текста, звукозаписи и т.д. русский
200 0# - ЗАГЛАВИЕ И СВЕДЕНИЯ ОБ ОТВЕТСТВЕННОСТИ
Основное заглавие Вып.1
210 ## - ПУБЛИКАЦИЯ, РАСПРОСТРАНЕНИЕ И ДР.
Дата издания, распространения и т.д. 1923
215 ## - ФИЗИЧЕСКАЯ ХАРАКТЕРИСТИКА
Специфическое обозначение материала и объем 111 с.
Другие сведения о физической характеристике ил.
327 0# - ПРИМЕЧАНИЯ О СОДЕРЖАНИИ
Текст примечания Авт.: Н.Ульянова-Крупская, Е.Медынский, Н.Ленин, Н.Бугославская, И.Исаев, С.Смидович, А.Галина, Калмыков, С.Фрумин, П.Сычев и др.
461 #1 - УРОВЕНЬ НАБОРА
Встроенное поле 001RU\NLR\A1SV\21042
-- 2000#$aВсе на борьбу с темнотой$eСб. ст. по ликвидации неграмотности среди населения РСФСР$fВсерос. чрезв. комис. по ликвидации безграмотности при Главполитпросвете$vВып.1
Системный номер (АБИС) связанной записи 9810458
Место публикации М.
Дата публикации 1923-1926
Первые сведения об ответственности Всерос. чрезв. комис. по ликвидации безграмотности при Главполитпросвете
Имя издателя, распространителя и т.д. Крас. новь
Сведения, относящиеся к заглавию Сб. ст. по ликвидации неграмотности среди населения РСФСР
Заглавие Все на борьбу с темнотой
Номер тома Вып.1
702 #1 - ИМЯ ЛИЦА - ВТОРИЧНАЯ ОТВЕТСТВЕННОСТЬ
Связь между полями z01790
Начальный элемент ввода Крупская
Часть имени, кроме начального элемента ввода Н.К.
Даты 1869-1939
Расширение инициалов личного имени Надежда Константиновна
702 #1 - ИМЯ ЛИЦА - ВТОРИЧНАЯ ОТВЕТСТВЕННОСТЬ
Начальный элемент ввода Медынский
Часть имени, кроме начального элемента ввода Е.Н.
Даты 1885-1957
Расширение инициалов личного имени Евгений Николаевич
702 #1 - ИМЯ ЛИЦА - ВТОРИЧНАЯ ОТВЕТСТВЕННОСТЬ
Связь между полями z02790
Начальный элемент ввода Ленин
Часть имени, кроме начального элемента ввода В.И.
Даты 1870-1924
Расширение инициалов личного имени Владимир Ильич
702 #1 - ИМЯ ЛИЦА - ВТОРИЧНАЯ ОТВЕТСТВЕННОСТЬ
Начальный элемент ввода Бугославская
Часть имени, кроме начального элемента ввода Н.Г.
Расширение инициалов личного имени Наталья Григорьевна
702 #1 - ИМЯ ЛИЦА - ВТОРИЧНАЯ ОТВЕТСТВЕННОСТЬ
Начальный элемент ввода Исаев
Часть имени, кроме начального элемента ввода И.
702 #1 - ИМЯ ЛИЦА - ВТОРИЧНАЯ ОТВЕТСТВЕННОСТЬ
Начальный элемент ввода Смидович
Часть имени, кроме начального элемента ввода С.Н.
Даты 1872-1934
Расширение инициалов личного имени София Николаевна
702 #1 - ИМЯ ЛИЦА - ВТОРИЧНАЯ ОТВЕТСТВЕННОСТЬ
Начальный элемент ввода Галина
Часть имени, кроме начального элемента ввода А.
702 #1 - ИМЯ ЛИЦА - ВТОРИЧНАЯ ОТВЕТСТВЕННОСТЬ
Начальный элемент ввода Калмыков
702 #1 - ИМЯ ЛИЦА - ВТОРИЧНАЯ ОТВЕТСТВЕННОСТЬ
Начальный элемент ввода Фрумин
Часть имени, кроме начального элемента ввода С.
702 #1 - ИМЯ ЛИЦА - ВТОРИЧНАЯ ОТВЕТСТВЕННОСТЬ
Начальный элемент ввода Сычев
Часть имени, кроме начального элемента ввода П.А.
Расширение инициалов личного имени Петр Алексеевич
790 #1 - ИМЯ ЛИЦА - АЛЬТЕРНАТИВНАЯ ФОРМА
Связь между полями z01702
Начальный элемент ввода Ульянова-Крупская
Часть имени, кроме начального элемента ввода Н.
790 #1 - ИМЯ ЛИЦА - АЛЬТЕРНАТИВНАЯ ФОРМА
Связь между полями z02702
Начальный элемент ввода Ленин
Часть имени, кроме начального элемента ввода Н.
801 #0 - ИСТОЧНИК ЗАПИСИ
Страна Российская Федерация
Организация NLR
Дата составления 19800104
942 ## - ДОПОЛНИТЕЛЬНЫЕ ЭЛЕМЕНТЫ ЗАПИСИ (АБИС)
Тип экземпляра АБИС Книга
980 ## - КОЛЛЕКЦИЯ
Название коллекции Международный сводный каталог русской книги (1918-1926)
980 ## - КОЛЛЕКЦИЯ
Название коллекции Национальная библиография

Нет доступных экземпляров.